| 000 | 00473nam a2200181Ia 4500 | ||
|---|---|---|---|
| 005 | 20250612143743.0 | ||
| 008 | 008 250505s9999 xx 000 0 eng d | ||
| 020 | _a9789391211141 | ||
| 040 |
_beng _cILCL |
||
| 041 |
_aeng _2eng |
||
| 084 | _aZ:(P:7) R2 | ||
| 100 | _aAtre, B R | ||
| 245 | 0 | _aLegislative Drafting:Principles and Techniques | |
| 250 | _a6 | ||
| 260 |
_aHaryana _bLexis Nexis _c2022 |
||
| 300 | _alvii,481p. | ||
| 942 |
_cTB _2Colon Classification |
||
| 999 |
_c1311904 _d1311904 |
||